<?xml version="1.0" encoding="UTF-8"?>
<record
    xmlns:xsi="http://www.w3.org/2001/XMLSchema-instance"
    xsi:schemaLocation="http://www.loc.gov/MARC21/slim http://www.loc.gov/standards/marcxml/schema/MARC21slim.xsd"
    xmlns="http://www.loc.gov/MARC21/slim">

  <leader>02673nam a2200373 i 4500</leader>
  <controlfield tag="003">DO-SdBNP</controlfield>
  <controlfield tag="005">20260305074000.0</controlfield>
  <controlfield tag="007">ta</controlfield>
  <controlfield tag="008">250516b2024    dr a|||| |||| 00| 0 spa d</controlfield>
  <datafield tag="020" ind1=" " ind2=" ">
    <subfield code="a">9789945251210</subfield>
  </datafield>
  <datafield tag="040" ind1=" " ind2=" ">
    <subfield code="a">DO-SdBNP</subfield>
    <subfield code="b">spa</subfield>
    <subfield code="c">BNPHU</subfield>
    <subfield code="e">rda</subfield>
  </datafield>
  <datafield tag="041" ind1=" " ind2=" ">
    <subfield code="a">spa</subfield>
  </datafield>
  <datafield tag="082" ind1=" " ind2="4">
    <subfield code="a">xxx</subfield>
    <subfield code="b">G377ce</subfield>
    <subfield code="2">22</subfield>
  </datafield>
  <datafield tag="100" ind1="1" ind2=" ">
    <subfield code="a">Ger&#xF3;n, Candido,</subfield>
    <subfield code="d">1948-</subfield>
    <subfield code="e">autor</subfield>
    <subfield code="4">aut.</subfield>
    <subfield code="9">3577</subfield>
  </datafield>
  <datafield tag="245" ind1="1" ind2="0">
    <subfield code="a">Centenario de Gilberto Hern&#xE1;ndez Ortega 1923-2023 /</subfield>
    <subfield code="c">C&#xE1;ndido Ger&#xF3;n ; cuidado de edici&#xF3;n, C&#xE1;ndido Ger&#xF3;n ; dise&#xF1;o general, Alexander Araujo Batista ; colaboradores, Gilberto Hern&#xE1;ndez hijo y Juan Julio Bodden ; fotograf&#xED;as, Gilberto Hern&#xE1;ndez hijo y Mariano Hern&#xE1;ndez.</subfield>
  </datafield>
  <datafield tag="250" ind1=" " ind2=" ">
    <subfield code="a">Primera edici&#xF3;n </subfield>
  </datafield>
  <datafield tag="264" ind1=" " ind2="4">
    <subfield code="a">Santo Domingo :</subfield>
    <subfield code="b">Archivo General de la Naci&#xF3;n,</subfield>
    <subfield code="c">&#xA9;2024.</subfield>
  </datafield>
  <datafield tag="300" ind1=" " ind2=" ">
    <subfield code="a">169 p&#xE1;ginas :</subfield>
    <subfield code="b">ilustraciones, fotograf&#xED;as ;</subfield>
    <subfield code="c">31 cm. </subfield>
  </datafield>
  <datafield tag="336" ind1=" " ind2=" ">
    <subfield code="a">texto</subfield>
    <subfield code="b">txt</subfield>
    <subfield code="2">rdacontent</subfield>
  </datafield>
  <datafield tag="337" ind1=" " ind2=" ">
    <subfield code="a">sin mediaci&#xF3;n </subfield>
    <subfield code="b">n</subfield>
    <subfield code="2">rdamedia </subfield>
  </datafield>
  <datafield tag="338" ind1=" " ind2=" ">
    <subfield code="a">volumen </subfield>
    <subfield code="b">nc</subfield>
    <subfield code="2">rdacarrier </subfield>
  </datafield>
  <datafield tag="490" ind1="0" ind2=" ">
    <subfield code="a">Publicaciones del Archivo General de la Naci&#xF3;n ;</subfield>
    <subfield code="v">527</subfield>
  </datafield>
  <datafield tag="500" ind1=" " ind2=" ">
    <subfield code="a">Incluye datos biogr&#xE1;ficos del autor en las solapas</subfield>
  </datafield>
  <datafield tag="505" ind1=" " ind2=" ">
    <subfield code="a">Introducci&#xF3;n, 14.-- Gilberto Hern&#xE1;ndez Ortega y el para&#xED;so de lo inefable, 36.-- Art&#xED;culos, 64.-- Exposici&#xF3;n bienal de las artes pl&#xE1;sticas. Manuel Valldeperes, 65.-- En el Sal&#xF3;n de las Bellas Artes de Ciudad Trujillo. Gilberto Hern&#xE1;ndez Ortega, expone esta vez pinturas. Jacinto Gimbernard (padre), 68.-- Hern&#xE1;ndez Ortega en la Galer&#xED;a Nacional. Manuel Valldeperes, 70.-- Gilberto Hern&#xE1;ndez Ortega. Un pintor con ojos de poeta. Antonio Fern&#xE1;ndez Spencer, 76.-- Suro y su mensaje pict&#xF3;rico. Antonio Fern&#xE1;ndez Spencer, 80.-- Cinco &#xF3;leos de Hern&#xE1;ndez Ortega. Jacinto Gimbernard (padre), 84.-- Pintor dice que Am&#xE9;rica ha de glorificar sus valores. P. A. Reyes-Vargas, 89.-- La exposici&#xF3;n de G. Hern&#xE1;ndez Ortega. Freddy Miller, 94.-- En torno a la pintura de G. Hern&#xE1;ndez Ortega. Francisco Antonio Cruz, 100.-- La exposici&#xF3;n de G. Hern&#xE1;ndez Ortega. Jos&#xE9; Manuel G&#xF3;mez du-Breil, 105.-- Gilberto Hern&#xE1;ndez Ortega. Manuel Valerio, 110.-- Gilberto Hern&#xE1;ndez Ortega en la Galer&#xED;a de Bellas Artes. Franklin Mieses Burgos, 116.-- Homenaje a Hern&#xE1;ndez Ortega. Freddy Gat&#xF3;n Arce, 122.-- Biograf&#xED;a, 169. </subfield>
  </datafield>
  <datafield tag="590" ind1=" " ind2=" ">
    <subfield code="a">Inventariado, 2025 LP</subfield>
  </datafield>
  <datafield tag="700" ind1="1" ind2=" ">
    <subfield code="a">Araujo Batista, Alexander</subfield>
    <subfield code="e">dise&#xF1;ador</subfield>
    <subfield code="4">di.</subfield>
    <subfield code="9">87788</subfield>
  </datafield>
  <datafield tag="700" ind1="1" ind2=" ">
    <subfield code="a">Ger&#xF3;n, C&#xE1;ndido,</subfield>
    <subfield code="e">editor</subfield>
    <subfield code="4">ed.</subfield>
    <subfield code="9">82130</subfield>
  </datafield>
  <datafield tag="700" ind1="1" ind2=" ">
    <subfield code="a">Hern&#xE1;ndez, Gilberto (hijo)</subfield>
    <subfield code="e">colaborador</subfield>
    <subfield code="4">col.</subfield>
    <subfield code="9">87789</subfield>
  </datafield>
  <datafield tag="700" ind1="1" ind2=" ">
    <subfield code="a">Bodden, Juan Julio</subfield>
    <subfield code="e">colaborador</subfield>
    <subfield code="4">col.</subfield>
    <subfield code="9">87790</subfield>
  </datafield>
  <datafield tag="700" ind1="1" ind2=" ">
    <subfield code="a">Hern&#xE1;ndez, Mariano</subfield>
    <subfield code="e">fot&#xF3;grafo </subfield>
    <subfield code="4">fot.</subfield>
  </datafield>
  <datafield tag="700" ind1="1" ind2=" ">
    <subfield code="a">Hern&#xE1;ndez, Mariano</subfield>
    <subfield code="e">fot&#xF3;grafo </subfield>
    <subfield code="4">fot.</subfield>
  </datafield>
  <datafield tag="910" ind1=" " ind2=" ">
    <subfield code="a">LP</subfield>
  </datafield>
  <datafield tag="942" ind1=" " ind2=" ">
    <subfield code="2">ddc</subfield>
    <subfield code="c">LBS1</subfield>
  </datafield>
  <datafield tag="952" ind1=" " ind2=" ">
    <subfield code="0">0</subfield>
    <subfield code="1">0</subfield>
    <subfield code="2">ddc</subfield>
    <subfield code="5">1</subfield>
    <subfield code="7">0</subfield>
    <subfield code="8">PD</subfield>
    <subfield code="a">BNPHU</subfield>
    <subfield code="b">BNPHU</subfield>
    <subfield code="c">CT</subfield>
    <subfield code="d">2025-03-27</subfield>
    <subfield code="e">Dep&#xF3;sito Legal</subfield>
    <subfield code="l">0</subfield>
    <subfield code="o">xxx G377ce</subfield>
    <subfield code="p">2025-3748</subfield>
    <subfield code="r">2025-04-28</subfield>
    <subfield code="w">2025-04-28</subfield>
    <subfield code="y">LBS1</subfield>
  </datafield>
  <datafield tag="952" ind1=" " ind2=" ">
    <subfield code="0">0</subfield>
    <subfield code="1">0</subfield>
    <subfield code="2">ddc</subfield>
    <subfield code="5">1</subfield>
    <subfield code="7">0</subfield>
    <subfield code="8">PD</subfield>
    <subfield code="a">BNPHU</subfield>
    <subfield code="b">BNPHU</subfield>
    <subfield code="c">CT</subfield>
    <subfield code="d">2025-03-27</subfield>
    <subfield code="e">Dep&#xF3;sito Legal</subfield>
    <subfield code="l">0</subfield>
    <subfield code="o">xxx G377ce</subfield>
    <subfield code="p">2025-3749</subfield>
    <subfield code="r">2025-04-28</subfield>
    <subfield code="t">e.2</subfield>
    <subfield code="w">2025-04-28</subfield>
    <subfield code="y">LBS1</subfield>
  </datafield>
  <datafield tag="952" ind1=" " ind2=" ">
    <subfield code="0">0</subfield>
    <subfield code="1">0</subfield>
    <subfield code="2">ddc</subfield>
    <subfield code="5">6</subfield>
    <subfield code="7">0</subfield>
    <subfield code="8">DS</subfield>
    <subfield code="a">BNPHU</subfield>
    <subfield code="b">BNPHU</subfield>
    <subfield code="c">CT</subfield>
    <subfield code="d">2025-03-27</subfield>
    <subfield code="e">Dep&#xF3;sito Legal</subfield>
    <subfield code="l">0</subfield>
    <subfield code="o">xxx G377ce</subfield>
    <subfield code="p">2025-3750</subfield>
    <subfield code="r">2025-04-28</subfield>
    <subfield code="t">e.3</subfield>
    <subfield code="w">2025-04-28</subfield>
    <subfield code="y">LBS1</subfield>
  </datafield>
  <datafield tag="999" ind1=" " ind2=" ">
    <subfield code="c">58837</subfield>
    <subfield code="d">58837</subfield>
  </datafield>
</record>
